00497nam a22001337a 4500008004100000082001600041100004300057245011000100260002200210300000900232942001200241999001500253952009500268230621b xxu||||| |||| 00| 0 eng d a328.03bPCA cCommonWealth Parliamentary Association aReport of the Executive Committee 1985-1986 and report of proceedings of the General Assembly london 1986 alondonbCPAc1986 a103p 2ddccBK c2040d2040 00102ddc4070a002b002d2023-06-21l0o328.03 PCAp10008916r2023-06-21w2023-06-21yBK